| 000 -LEADER |
| fixed length control field |
00723cam a2200205 a 4500 |
| 020 ## - INTERNATIONAL STANDARD BOOK NUMBER |
| ISBN |
0072979615 (pbk. : alk. paper) |
| 040 ## - CATALOGING SOURCE |
| Transcribing agency |
DLC |
| 082 00 - DEWEY DECIMAL CLASSIFICATION NUMBER |
| Classification number |
339 HIL 2006 A108 Or. |
| 100 1# - MAIN ENTRY--AUTHOR NAME |
| Personal name |
Schiller, Bradley R., |
| 245 14 - TITLE STATEMENT |
| Title |
The macro economy today / |
| 246 3# - VARYING FORM OF TITLE |
| Title proper/short title |
Macroeconomy today |
| 250 ## - EDITION STATEMENT |
| Edition statement |
10th ed. |
| 260 ## - PUBLICATION, DISTRIBUTION, ETC. (IMPRINT) |
| Place of publication |
Boston : |
| Name of publisher |
McGraw-Hill/Irwin, |
| Year of publication |
c2006. |
| 300 ## - PHYSICAL DESCRIPTION |
| Number of Pages |
1 v. (various pagings) : |
| Other physical details |
col. ill. ; |
| Dimensions |
28 cm. |
| 500 ## - GENERAL NOTE |
| General note |
Rev. ed. of: The macroeconomy today. 9th ed. c2003. |
| 500 ## - GENERAL NOTE |
| General note |
Card inserted to register login username and password for access to an instructional website with tutorials, exercises, and/or videos. |
| 650 #0 - SUBJECT ADDED ENTRY--TOPICAL TERM |
| Topical Term |
Macroeconomics. |
| 700 1# - ADDED ENTRY--PERSONAL NAME |
| Personal name |
Schiller, Bradley R., |
| 942 ## - ADDED ENTRY ELEMENTS (KOHA) |
| Koha item type |
សៀវភៅភាសាអង់គ្លេស |
| 952 ## - LOCATION AND ITEM INFORMATION (KOHA) |
| Withdrawn status [LOCAL, KOHA] |
0 |